MARC

Tag First Indicator Second Indicator Subfields
LEADER 00000cam a2200000Ia 4500
001 in00002580430
005 20151201151616.0
008 001121s1965 enka 000 0 eng d
035 |a (OCoLC)ocm45409740 
035 |a (OCoLC)45409740 
040 |a DPL  |c DPL  |d OCLCQ  |d TXA  |d UtOrBLW 
043 |a e-uk--- 
049 |a TXAM 
090 |a UG1242.F5  |b M687 1965 
092 0 |a 623.7/464  |2 21 
100 1 |a Moyes, Philip J. R. 
245 1 4 |a The Supermarine Spitfire I & II /  |c by Philip J.R. Moyes. 
246 3 |a Supermarine Spitfire I and II 
246 3 |a Supermarine Spitfire 1 & 2 
246 3 |a Supermarine Spitfire 1 and 2 
264 1 |a London :  |b Profile Publications,  |c [1965] 
300 |a 10 pages, 2 unnumbered pages :  |b illustrations (some color) ;  |c 24 cm. 
336 |a text  |b txt  |2 rdacontent 
337 |a unmediated  |b n  |2 rdamedia 
338 |a volume  |b nc  |2 rdacarrier 
490 1 |a Profile publications ;  |v no. 41 
500 |a Caption title. 
650 0 |a Spitfire (Fighter plane) 
650 0 |a Fighter planes  |z Great Britain. 
650 0 |a Airplanes, Military  |x Camouflage. 
650 0 |a Airplanes, Military  |x Markings. 
610 1 0 |a Great Britain.  |b Royal Air Force  |x History. 
650 0 |a World War, 1939-1945  |z Great Britain. 
650 0 |a Britain, Battle of, Great Britain, 1940. 
830 0 |a Profile publications ;  |v no. 41. 
994 |a C0  |b TXA 
999 |a MARS 
999 f f |s f7347bfc-f406-32f1-8a0e-19bf59fdc696  |i a3de3f2d-ffc0-3b6d-9f34-305a2b3a34a5  |t 0 
952 f f |p noncirc  |a Texas A&M University  |b College Station  |c Cushing Memorial Library & Archives  |d Cushing: Ragan Military (Does not check out)  |t 0  |e UG1242.F5 M687 1965  |h Library of Congress classification  |i unmediated -- volume 
998 f f |a UG1242.F5 M687 1965  |t 0  |l Cushing: Ragan Military (Does not check out)